Criblage des nerica et de leurs parents pour leur résistance aux insectes de stocks: cas de sitophilus oryzae (linae) et de rhizopertha dominica (Fabricus) (Record no. 46645)
[ view plain ]
| 000 -LEADER | |
|---|---|
| fixed length control field | 00575nam a22001697a 4500 |
| 003 - CONTROL NUMBER IDENTIFIER | |
| control field | 0 |
| 005 - DATE AND TIME OF LATEST TRANSACTION | |
| control field | 20160609165236.0 |
| 008 - FIXED-LENGTH DATA ELEMENTS--GENERAL INFORMATION | |
| fixed length control field | 100105t xxu||||| |||| 00| 0 eng d |
| 037 ## - SOURCE OF ACQUISITION | |
| Stock number | M15390 |
| Source of stock number/acquisition | BIBLIO |
| 040 ## - SOURCE DU CATALOGAGE | |
| Original cataloging agency | UAC |
| Language of cataloging | F |
| Transcribing agency | EPAC |
| 100 ## - VEDETTE PRINCIPALE - NOM DE PERSONNE | |
| Personal name | Jacques ADOLIOSSI |
| 9 (RLIN) | 2527 |
| 245 ## - TITLE STATEMENT | |
| Title | Criblage des nerica et de leurs parents pour leur résistance aux insectes de stocks: cas de sitophilus oryzae (linae) et de rhizopertha dominica (Fabricus) |
| 260 ## - PUBLICATION, DISTRIBUTION, ETC. (IMPRINT) | |
| Place of publication, distribution, etc | EPAC |
| Name of publisher, distributor, etc | BIBLIO |
| Date of publication, distribution, etc | 2007-2008 |
| 300 ## - PHYSICAL DESCRIPTION | |
| Extent | I-55p |
| Dimensions | 29cm |
| 650 ## - SUBJECT ADDED ENTRY--TOPICAL TERM | |
| Topical term or geographic name as entry element | AMENAGEMENT PROTECTION ENVIRONNRMENT |
| 9 (RLIN) | 2528 |
| 942 ## - ADDED ENTRY ELEMENTS (KOHA) | |
| Koha item type | Thèse et Memoire |
| Withdrawn status | Lost status | Damaged status | Not for loan | Location (home branch) | Sublocation or collection (holding branch) | Date acquired | Source of acquisition | Koha issues (times borrowed) | Koha full call number | Piece designation (barcode) | Koha date last seen | Copy number | Price effective from | Koha item type | Public note |
|---|---|---|---|---|---|---|---|---|---|---|---|---|---|---|---|
| Bibliothèque Ecole Polytechnique d'Abomey-Calavi | Bibliothèque Ecole Polytechnique d'Abomey-Calavi | 05/01/2010 | EPAC | 27.APE/ADO | M15390EPAC | 05/01/2010 | 3 | 05/01/2010 | Thèse et Memoire | 3dont un exclu du prêt | |||||
| Bibliothèque Ecole Polytechnique d'Abomey-Calavi | Bibliothèque Ecole Polytechnique d'Abomey-Calavi | 01/03/2011 | EPAC | 27.APE/ADO | M16943EPAC | 01/03/2011 | 2 | 01/03/2011 | Thèse et Memoire | Prêt à domicile | |||||
| Bibliothèque Ecole Polytechnique d'Abomey-Calavi | Bibliothèque Ecole Polytechnique d'Abomey-Calavi | 01/03/2011 | EPAC | 27.APE/ADO | M16944EPAC | 01/03/2011 | 1 | 01/03/2011 | Thèse et Memoire | Prêt à domicile | |||||
| Bibliothèque Ecole Polytechnique d'Abomey-Calavi | Bibliothèque Ecole Polytechnique d'Abomey-Calavi | 19/08/2013 | EPAC | 27.APE/ADO | M16944bEPAC | 19/08/2013 | 4 | 19/08/2013 | Thèse et Memoire | ||||||
| Bibliothèque Ecole Polytechnique d'Abomey-Calavi | Bibliothèque Ecole Polytechnique d'Abomey-Calavi | 19/08/2013 | EPAC | 27.APE/ADO | M16944cEPAC | 19/08/2013 | 5 | 19/08/2013 | Thèse et Memoire |